Komíny idú dobre na odbyt komíny idú dobre na odbyt

Bibliographic Details
Main Author: (AGS) (Author)
Format: Article
Language:Slovak
Subjects:

MARC

LEADER 00000nab a2200000 a 4500
001 vtls001025021
003 SK-MaSNL
005 20260303042155.0
008 140301e19960507xo 0 slo
035 |a SL3578 
040 |a SLLK  |b slo  |c SLLK  |e AACR2 
041 0 |a slo 
044 |a xo  |c SK 
080 |a 697.8  |2 1981 
100 0 |a (AGS)  |4 aut  |9 840331 
245 1 0 |a Komíny idú dobre na odbyt  |b komíny idú dobre na odbyt 
610 2 7 |a Komeko (Stará Ľubovňa, Slovensko)  |2 SLLK  |9 1023617 
650 0 7 |a komíny  |2 SLLK  |9 31523 
650 0 7 |a výroba  |2 SLLK  |9 15916 
650 0 7 |a firmy etablované  |2 SLLK  |9 1028100 
650 0 7 |a certifikáty kvality  |2 SLLK  |9 878682 
650 0 7 |a články hodnotiace  |2 SLLK  |9 1021303 
651 7 |a Stará Ľubovňa (Slovensko)  |2 SLLK  |9 19193 
773 0 8 |t Hospodárske noviny, č.88, 7.5.1996, s. 4 
852 |a ZVYKNI  |b KIS3GCP 
999 |c 1690821  |d 1692751